000 00471nam a2200181Ia 4500
001 29227
003 IN-NITTTR
005 20251114233359.0
008 251113s9999||||xx |||||||||||||| ||eng||
040 _beng
040 _cIN-NITTTR
041 _aeng
082 _a621.9 B63F
100 _aBoothroyd, Geoffrey
245 0 _aFundamentals of machining and machine tools /
_cBoothroyd, Geoffrey, Knight, Winston A.
700 _a Knight, Winston A.
942 _2ddc
_cBK
999 _c31855
_d31855